La revolución teórica de Marx

El presente libro busca hacer una lectura de la teoría filosófica del pensamiento de Karl Marx, su posición es clara, leer con exactitud y rigurosidad científica, como cree el autor que hay que tratar el marxismo. Con ello el autor tira una doble flecha, la primera despacha las interpretaciones dogm...

Descrizione completa

Salvato in:
Dettagli Bibliografici
Autore principale: Althusser, Louis
Natura: Libro
Lingua:Undetermined
Pubblicazione: México, Distrito Federal Siglo Veintiuno 1979
Edizione:18
Soggetti:
Tags: Aggiungi Tag
Nessun Tag, puoi essere il primo ad aggiungerne!!

MARC

LEADER 00000nam a2200000Ia 4500
008 170316s9999 xx 000 0 und d
040 |a cru BVZT 
090 |a 100 A-13r 
100 |a Althusser, Louis 
245 |a La revolución teórica de Marx 
250 |a 18 
260 |a México, Distrito Federal 
260 |b Siglo Veintiuno 
260 |c 1979 
300 |a 206 páginas 
520 |a El presente libro busca hacer una lectura de la teoría filosófica del pensamiento de Karl Marx, su posición es clara, leer con exactitud y rigurosidad científica, como cree el autor que hay que tratar el marxismo. Con ello el autor tira una doble flecha, la primera despacha las interpretaciones dogmáticas del marxismo, la segunda, las interpretaciones oportunistas. Entre los temas que figuran en los diferentes apartados se encuentra el tratamiento por parte de Marx de los manifiestos filosóficos de Feuerbach, el problema de la dialéctica materialista, el ensayo titulado Contradicción y sobredeterminación cargado de análisis epistemológico, así como un estudio de los manuscritos sobre economía, política y filosofía de 1844 de Marx. El texto cierra con un apartado bajo el título: Marxismo y humanismo. 
650 |a FILOSOFÍA  |9 5 
650 |a POLÍTICA  |9 77 
650 |a MARXISMO 
650 |a MARX  |9 295 
942 0 0 |0 3  |2 z  |c 15 D 
999 |c 15468  |d 15468